000 00886nam a2200229 i 4500
001 88240
003 ES-MaACL
005 20260326151647.0
007 t|
008 050103s1913 sp ||||1| spa d
100 1 _aLaiglesia, Francisco de (
_d1850-1922)
_969670
245 1 4 _aUna página de la historia contemporánea
_b: [la deuda exterior estampillada] /
_cFrancisco de Laiglesia.
260 _aMadrid :
_b[s.n.],
_c1913 (
_fImp. Clásica Española)
300 _a39 p. ;
_c27 cm.
530 _aDisponible en formato digital.
650 4 _aDeuda pública-
_zEspaña.
_9135920
651 4 _aEspaña-
_xPolítica económica-
_yS.XIX.
_9147870
852 _aES-MaACL
_j1500-F-5
_991471
_cDEPOF
_zRevisado enlace: 27 de Marzo 2025.
856 4 _uhttp://bdh-rd.bne.es/viewer.vm?id=0000172448&page=1
_yBiblioteca Digital Hispánica
942 _2udc
999 _c88240
_d88240